Ciruelos (Record no. 12343)

MARC details
000 -LEADER
campo de control de longitud fija 00894nam a2200277 4500
001 - NÚMERO DE CONTROL
campo de control 12343
003 - IDENTIFICADOR DE NÚMERO DE CONTROL
campo de control ES-MaACL
005 - FECHA Y HORA DE LA ÚLTIMA TRANSACCIÓN
campo de control 20250906063033.0
007 - CAMPO FIJO DE DESCRIPCIÓN FÍSICA--INFORMACIÓN GENERAL
campo de control de longitud fija t|
008 - DATOS DE LONGITUD FIJA--INFORMACIÓN GENERAL
campo de control de longitud fija 890915s1982 sp a ||||0| spa j
016 7# - NÚMERO DE CONTROL DE UNA AGENCIA BIBLIOGRÁFICA NACIONAL
Número de control cancelado/no válido IBH82008369
020 ## - NÚMERO INTERNACIONAL ESTÁNDAR DEL LIBRO
Número Internacional Estándar del Libro 84-500-7752-4
040 ## - FUENTE DE CATALOGACIÓN
Centro catalogador/agencia de origen IBH
Lengua de catalogación spa
Centro/agencia transcriptor M-BN-DP
080 ## - NÚMERO DE LA CLASIFICACIÓN DECIMAL UNIVERSAL
Número de la Clasificación Decimal Universal 929 Ciruelos, Modesto
080 ## - NÚMERO DE LA CLASIFICACIÓN DECIMAL UNIVERSAL
Número de la Clasificación Decimal Universal 75 Ciruelos, Modesto
100 1# - ENTRADA PRINCIPAL--NOMBRE DE PERSONA
Nombre de persona Castro Arines, José de,
Fechas asociadas al nombre 1913-1997
9 (RLIN) 36907
245 10 - MENCIÓN DEL TÍTULO
Título Ciruelos
Resto del título : crónica de una anticipación /
Mención de responsabilidad, etc. José de Castro Arines.
260 ## - PUBLICACIÓN, DISTRIBUCIÓN, ETC.
Lugar de publicación, distribución, etc. Burgos :
Nombre del editor, distribuidor, etc. Diputación Provincial,
Fecha de publicación, distribución, etc. D.L. 1982.
300 ## - DESCRIPCIÓN FÍSICA
Extensión 125 p., 1 h :
Otras características físicas il. neg. y col ;
Dimensiones 29 cm.
490 1# - MENCIÓN DE SERIE
Mención de serie Serie Artistas Burgaleses
504 ## - NOTA DE BIBLIOGRAFÍA, ETC.
Nota de bibliografía, etc. Bibliografía: p. 123-124.
600 14 - PUNTO DE ACCESO ADICIONAL DE MATERIA--NOMBRE DE PERSONA
Nombre de persona Ciruelos, Modesto.
9 (RLIN) 38905
830 0# - PUNTO DE ACCESO ADICIONAL DE SERIE-TÍTULO UNIFORME
Título uniforme Serie Artistas Burgaleses
9 (RLIN) 228292
852 ## - LOCALIZACIÓN
Ubicación ES-MaACL
Número de control de estantería L-19632
Sublocalización o colección R.122752
Holdings
Estatus retirado Estado de pérdida Estado de daño No para préstamo Biblioteca de origen Biblioteca actual Ubicación en estantería Fecha de adquisición Fuente de adquisición Total de préstamos Signatura topográfica completa Código de barras Visto por última vez Precio de reemplazo Tipo de ítem Koha
        Biblioteca del Ateneo de Madrid Biblioteca del Ateneo de Madrid Depósito 2 17/01/2008     L-19632 1012578 23/02/2023 23/02/2023 Libro impreso